| 000 -LEADER |
| fixed length control field |
00442pab a2200169 454500 |
| 008 - FIXED-LENGTH DATA ELEMENTS--GENERAL INFORMATION |
| fixed length control field |
180718b2003 xxu||||| |||| 00| 0 eng d |
| 100 ## - MAIN ENTRY--PERSONAL NAME |
| Personal name |
Weller, Christian E., |
| 245 ## - TITLE STATEMENT |
| Title |
Worker rights and financial stability |
| 260 ## - PUBLICATION, DISTRIBUTION, ETC. |
| Date of publication, distribution, etc. |
2003 |
| 300 ## - PHYSICAL DESCRIPTION |
| Extent |
p.287-95. |
| 362 ## - DATES OF PUBLICATION AND/OR SEQUENTIAL DESIGNATION |
| Dates of publication and/or sequential designation |
Summer |
| 650 ## - SUBJECT ADDED ENTRY--TOPICAL TERM |
| Topical term or geographic name entry element |
Workers |
| 700 ## - ADDED ENTRY--PERSONAL NAME |
| Personal name |
Singleton, Laura |
| 700 ## - ADDED ENTRY--PERSONAL NAME |
| Personal name |
Mahadevan-Vijaya, Ramya |
| 773 ## - HOST ITEM ENTRY |
| Main entry heading |
Review of Radical Political Economics |
| 909 ## - |
| -- |
58301 |